00345nam a22001457a 4500003000400000005001700004008004100021020001400062040000700076082001600083100002000099245004800119260002400167300000800191OSt20211013120117.0211013b |||||||| |||| 00| 0 eng d a033349508 chu 22eda303.44 awebster ,andrew aintroduction to yhe sociology of develoment abritishbhallc1990 a222